Statistics for All Chase Mcain Disguises.

Click here to take the quiz!

General Stats

  • This quiz has been taken 8 times
  • The average score is 7 of 8

Answer Stats

HintAnswer% Correct
7thFireman
100%
2ndPolice Officer
100%
1stCivilian
83%
8thConstruction Worker
83%
3rdCriminal
83%
6thFarmer
83%
4thMiner
83%
5thAstronaut
67%

Score Distribution

Percentile by Number Answered

Percent of People with Each Score

Your Score History

You have not taken this quiz